000 00568nam a2200193Ia 4500
005 20250508163910.0
008 008 250505s9999 xx 000 0 eng d
020 _a81-7273-087-X
037 _aTextual
040 _aFEDL
_beng
_cFEDL
041 _aeng
_2eng
084 _a323.4, DHA
_qFEDL
100 _aDhand Harry
_9606242
245 0 _aTeaching human rights: A handbook for teacher educators
260 _aBhopal, India
_bAsian Institute of Human Rights
_c2002
300 _axvi,261p
942 _cTEXL
_h323.4, DHA
999 _c1385855
_d1385855